Porovnanie odpisovej politiky v kontexte zdaňovania príjmov v krajinách V4 bakalárska práca

Guardado en:
Detalles Bibliográficos
Autor principal: Zajac, Patrik
Autor Corporativo: Fakulta podnikového manažmentu EU. Katedra podnikových financií
Otros Autores: Ďurinová, Ivona, 1964-
Formato: Libro
Lenguaje:eslovaco
Publicado: Bratislava 2021
Etiquetas: Agregar Etiqueta
Sin Etiquetas, Sea el primero en etiquetar este registro!

MARC

LEADER 00000nbm a2200000 4500
001 0275824
005 20211112141913.5
041 0 |a slo 
044 |a SK 
245 1 0 |a Porovnanie odpisovej politiky v kontexte zdaňovania príjmov v krajinách V4  |b bakalárska práca  |c Patrik Zajac ; školiteľ: Ivona Ďurinová 
264 1 |a Bratislava  |c 2021 
300 |a 63 s. 
100 1 |a Zajac, Patrik 
700 1 |a Ďurinová, Ivona, 1964- 
710 2 |a Fakulta podnikového manažmentu EU. Katedra podnikových financií